| 000 | 00591nam a22001937a 4500 | ||
|---|---|---|---|
| 003 | OSt | ||
| 005 | 20251122164721.0 | ||
| 008 | 251122b |||||||| |||| 00| 0 eng d | ||
| 040 | _cDCL | ||
| 041 | _aEnglish | ||
| 082 | _a294.34 Gu | ||
| 100 | 1 |
_aGunaratana, Henepola, _d1927- |
|
| 245 | 1 | 0 |
_aEight mindful steps to happiness : _bwalking the path of the Buddha / _cBhante Gunaratana. |
| 260 |
_aBoston : _bWisdom Publications, _c[2012]. |
||
| 300 |
_axiii, 268 pages ; _c23 cm. |
||
| 650 | _aMindfulness (Happiness) | ||
| 650 | _aEightfold Path | ||
| 942 |
_2ddc _cSHORT TERM _n0 |
||
| 999 |
_c2593 _d2593 |
||